|
|
|
|
| LEADER |
00000nam2a2200000 4500 |
| 001 |
75798 |
| 005 |
20231101212834.0 |
| 010 |
|
|
|a 5030011358
|
| 035 |
|
|
|a (RuTPU)RU\TPU\book\80896
|
| 090 |
|
|
|a 75798
|
| 100 |
|
|
|a 20050401d1988 k y0rusy50 ca
|
| 101 |
1 |
|
|a rus
|c eng
|
| 102 |
|
|
|a RU
|
| 105 |
|
|
|a a z 000zy
|
| 200 |
0 |
|
|a Кн. 1
|
| 210 |
|
|
|d 1988
|
| 215 |
|
|
|a 311 с.
|c ил.
|
| 461 |
|
1 |
|0 (RuTPU)RU\TPU\book\80891
|y 5-03-000568-4
|t Микропроцессоры и машинное проектирование микропроцессорных систем
|o в 2 кн.: пер. с англ.
|f М. Рафикузаман
|v Кн. 1
|d 1988
|
| 606 |
1 |
|
|a Микропроцессоры
|2 stltpush
|3 (RuTPU)RU\TPU\subj\43715
|9 63175
|
| 610 |
1 |
|
|a микропроцессорные системы
|
| 610 |
1 |
|
|a проектирование
|
| 610 |
1 |
|
|a автоматизация
|
| 610 |
1 |
|
|a микросхемы
|
| 675 |
|
|
|a 681.325.5-181.48
|v 3
|
| 801 |
|
1 |
|a RU
|b 63413507
|c 20050401
|g PSBO
|
| 801 |
|
2 |
|a RU
|b 63413507
|c 20160829
|g PSBO
|
| 900 |
|
|
|a Проектирование микропроцессорных систем
|
| 942 |
|
|
|c BK
|